000 00840cam a22002898a 4500
005 20260322212021.0
008 data
010 _a 86003639
020 _a0201126508
020 _a9780201126501
040 _aDNLM/DLC
_cDLC
_dCtY-M
_dCtY-M
050 0 _aRT42
_b.A34 1986
060 _aWY 100 A2443
100 1 _aKneisl, Carol Ren.
245 1 0 _aAdult health nursing :
_ba biopsychosocial approach /
_cCarol Ren Kneisl & Sue Ann Ames.
260 0 _aReading, Mass. :
_bAddison-Wesley,
_cc1986.
263 _a8602
300 _axxix, 2250, [72] p. :
_bill. ;
_c29 cm.
504 _aIncludes bibliographical references and index.
650 0 _aNursing.
650 0 _aHolistic medicine.
650 0 _aHumanistic psychology.
650 0 _aPhysiology, Pathological.
650 2 _aNursing Care.
700 1 _aAmes, Sue Ann.
001 data
999 _c475
_d475